Szczegóły MARC21

Od kochanki do psalmistki... : sylwetki, tematy i konwencje liryki kobiecej /

003 -Nazwa inst., której nr kontr. jest w polu 001 [,]
    • @
    • Nazwa instytucji, której n kontrolny jest w polu 001
    • NUKAT
005 -DATA I CZAS OSTATNIEJ MODYFIKACJI [,]
    • @
    • pole kontrolne
    • 20241231090114.0
020 -Międzynarod. znormalizowany nr książki - ISBN [ , ]
    • a
    • Numer ISBN
    • 9788371776489 Find
040 -Instytucja sporządzająca opis [ , ]
    • a
    • Instytucja, która sporządziła opis (NP)
    • WR U/brk
    • c
    • Instytucja, która sporządziła rekord (NP)
    • WR U/brk
    • d
    • Instytucja, która zmodyfikowała rekord (P)
    • WR U/bk
    • d
    • Instytucja, która zmodyfikowała rekord (P)
    • WR U/DZs
    • d
    • Instytucja, która zmodyfikowała rekord (P)
    • WR U/DFs
942 -Rodzaj dokumentu [ , ]
    • c
    • Rodzaj dokumentu
    • Książka
100 -Hasło główne - nazwa osobowa [1, ]
    • a
    • Nazwa osobowa (NP)
    • Legeżyńska, Anna
    • d
    • Daty biograficzne (NP)
    • (1951- ).
    • 9
    • KHW
    • 40491
245 -Strefa tytułu i oznaczenia odpowiedzialności [1,0]
    • a
    • Tytuł
    • Od kochanki do psalmistki... : Find
    • b
    • Ciąg dalszy tytułu (NP)
    • sylwetki, tematy i konwencje liryki kobiecej / Find
    • c
    • Pozostałe elementy strefy tytułu i oznaczenia odpowiedzialności (NP)
    • Anna Legeżyńska.
260 -Strefa adresu wydawniczego [ , ]
    • a
    • Miejsce wydania (P)
    • Poznań :
    • b
    • Nazwa wydawcy (P)
    • Wydawnictwo Poznańskie,
    • c
    • Data wydania (P)
    • 2009.
300 -Strefa opisu fizycznego [ , ]
    • a
    • Określenie formy książki i/lub objętość (NP)
    • 346, [2] s. ;
    • c
    • Format (NP)
    • 21 cm.
336 -Typ zawartości [ , ]
    • a
    • Termin opisujący typ zawartości
    • Tekst
    • b
    • Kod określający zawartość
    • txt
    • 2
    • Źródło (terminu i kodu)
    • rdacontent
337 -Typ mediów [ , ]
    • a
    • Tryb odtwarzania
    • Bez urządzenia pośredniczącego
    • b
    • Kod typu mediów
    • n
    • 2
    • Źródło (terminu i kodu)
    • rdamedia
338 -Typ/rodzaj nośnika [ , ]
    • a
    • Hasło opisujące typ nośnika
    • Wolumin
    • b
    • Kod typu nośnika
    • nc
    • 2
    • Źródło (terminu i kodu)
    • rdacarrier
490 -Strefa serii i książki wielotomowej - forma nie do wyszukiwania [1, ]
    • a
    • Tytuł (P)
    • Obszary Literatury i Sztuki Find
830 -Hasło dodatkowe serii i opisu książki wielotomowej - tytuł ujednolicony/tytuł [ ,0]
    • a
    • Tytuł ujednolicony/tytuł (NP)
    • Obszary Literatury i Sztuki
    • 9
    • KHW
    • 40492
504 -Uwaga dot. bibliogr. załącznikowej [ , ]
    • a
    • Uwaga dot. bibliografii załącznikowej
    • Nota bibliogr. s. 339-[340]. Indeks.
080 -Uniwersalna Klasyfikacja Dziesiętna [ , ]
    • 2
    • Identyfikator wydania tablic
    • UDC-P058
    • 9
    • UKD
    • 8296
    • a
    • Symbol klasyfikacji
    • 821.162.1(091)-1
    • b
    • Dopowiedzenie
    • Literatura polska (historia). - Poezja. Dramat poetycki.
    • 4
    • UKD2
    • 8606
    • x
    • Poddział wspólny
    • "19/20"
    • c
    • Dopowiedzenie poddz. wspólnego
    • Wiek XX/XXI.
650 -Hasło przedmiotowe [ ,7]
    • a
    • Hasło przedmiotowe
    • Poezja liryczna polska
    • y
    • Określnik chronologiczny
    • 1945-
    • x
    • Określnik rzeczowy
    • historia i krytyka.
    • 2
    • Źródło terminu
    • kaba
    • 9
    • KHW
    • 364804
650 -Hasło przedmiotowe [ ,7]
    • a
    • Hasło przedmiotowe
    • Poezja liryczna polska
    • x
    • Określnik rzeczowy
    • pisarki
    • x
    • Określnik rzeczowy
    • historia i krytyka.
    • 2
    • Źródło terminu
    • kaba
    • 9
    • KHW
    • 364805
980 -Symbol UKD [ , ]
    • a
    • UKD
    • 821.162.1(091)-1"19/20"
920 -ISBN [ , ]
    • a
    • ISBN
    • 978-83-7177-648-9 Find
Numer inwentarzowy Status udost. Sygnatura Lokalizacja Data inwentaryzacji
P.227541POL. Literatura - tematy i motywy 15BM2012-03-02